000 00525nam a2200193Ia 4500
005 20250508160056.0
008 008 250505s9999 xx 000 0 eng d
037 _aTextual
040 _aFEDL
_beng
_cFEDL
041 _aeng
_2eng
084 _a371.42, BAS
_qFEDL
100 _aBasu C. K.
_9767906
245 0 _aProgrammed instruction in industries, defence, health and education
260 _c1969
300 _a70p.
650 _aEducation
942 _cTEXL
_h371.42, BAS
999 _c1361519
_d1361519